| Tag |
First Indicator |
Second Indicator |
Subfields |
| LEADER |
00000pam a2200000 a 4500 |
| 001 |
in00000495331 |
| 005 |
20151013064155.0 |
| 008 |
811127s1982 nyua b 00010 eng |
| 010 |
|
|
|a 81080606
|
| 020 |
|
|
|a 0872237176
|
| 035 |
|
|
|a (OCoLC)08034966
|
| 035 |
|
|
|9 ACD6304AM
|
| 039 |
0 |
|
|a 2
|b 3
|c 3
|d 3
|e 3
|
| 040 |
|
|
|a DLC
|c DLC
|d TXA
|d UtOrBLW
|
| 049 |
|
|
|a TXAM
|
| 050 |
0 |
0 |
|a TK5104
|b .E18 1982
|
| 082 |
0 |
|
|a 621.388/35
|2 19
|
| 100 |
1 |
|
|a Easton, Anthony T.
|q (Anthony Terrence)
|
| 245 |
1 |
4 |
|a The home satellite TV book :
|b how to put the world in your backyard /
|c Anthony T. Easton.
|
| 250 |
|
|
|a 1st ed.
|
| 264 |
|
1 |
|a New York :
|b Playboy Press,
|c [1982]
|
| 264 |
|
4 |
|c ©1982
|
| 300 |
|
|
|a viii, 380 pages :
|b illustrations ;
|c 24 cm.
|
| 336 |
|
|
|a text
|b txt
|2 rdacontent
|
| 337 |
|
|
|a unmediated
|b n
|2 rdamedia
|
| 338 |
|
|
|a volume
|b nc
|2 rdacarrier
|
| 500 |
|
|
|a "A Wideview/Perigee book."
|
| 504 |
|
|
|a Bibliography: pages 316-326.
|
| 650 |
|
0 |
|a Earth stations (Satellite telecommunication)
|x Amateurs' manuals.
|
| 650 |
|
0 |
|a Home video systems.
|
| 740 |
0 |
|
|a Home satellite T.V. book.
|
| 999 |
|
|
|a MARS
|
| 999 |
f |
f |
|s d449c4ab-d5c2-3f5f-b0b8-591aabcb53bb
|i 7d9d4b90-e060-39ac-a52e-ea5dca2e99c9
|t 0
|
| 952 |
f |
f |
|p ric
|a Texas A&M University
|b Rellis Campus
|c Joint Library Facility
|d Remote Storage
|t 0
|e TK5104 .E18 1982
|h Library of Congress classification
|i unmediated -- volume
|m A14807651304
|
| 998 |
f |
f |
|a TK5104 .E18 1982
|t 0
|l Remote Storage
|